Normal view
MARC view
Entry Personal Name
001 - CONTROL NUMBER
- control field: 20999
003 - CONTROL NUMBER IDENTIFIER
- control field: ARRUPE
005 - DATE AND TIME OF LATEST TRANSACTION
- control field: 20151106121031.0
008 - FIXED-LENGTH DATA ELEMENTS
- fixed length control field: 151106|| aca||aabn | a|a d
040 ## - CATALOGING SOURCE
- Original cataloging agency: ARRUPE
- Transcribing agency: ARRUPE
100 ## - HEADING--PERSONAL NAME
- Personal name: Chapman Raymond
670 ## - SOURCE DATA FOUND
- Source citation: Work cat.: (ARRUPE): Chapman Raymond , Linguistics and literature:, 1973